[Event "GER-chT U20"]
[Site "Muenster"]
[Date "2022.12.29"]
[Round "6"]
[White "Beyer, Clemens"]
[Black "Wang, Ruiming"]
[Result "1-0"]
[WhiteElo "1768"]
[BlackElo "1808"]
[PlyCount "35"]
[EventDate "2022.12.26"]
[EventType "team-swiss"]
[EventRounds "7"]
[EventCountry "GER"]
[SourceTitle "CBM 212 Extra"]
[Source "ChessBase"]
[SourceDate "2023.03.31"]
[SourceVersion "1"]
[SourceVersionDate "2023.03.31"]
[SourceQuality "1"]
[WhiteTeam "Barnim Schachfreunde"]
[BlackTeam "Leipzig SG"]
[WhiteTeamCountry "GER"]
[BlackTeamCountry "GER"]

1. d4 Nf6 2. Bf4 g6 3. Nc3 d5 4. h4 h5 5. e3 Bg7 6. Nf3 0-0 7. Be2 c5 8. Ne5 Nc6 9. 0-0 cxd4 10. exd4 Bf5 11. Nxc6 bxc6 12. Qd2 Kh7 13. Rfd1 Re8 14. g3 Qc8 15. Be5 Rf8 16. Bd3 Bxd3 17. Qxd3 Qh3 18. Qf1 1-0

[Event "GER-chT U16"]
[Site "Magdeburg"]
[Date "2019.12.29"]
[Round "6.4"]
[White "Kravtsov, Maksim"]
[Black "Wang, Ruiming"]
[Result "1-0"]
[WhiteElo "1784"]
[BlackElo "1808"]
[PlyCount "93"]
[EventDate "2019.12.27"]
[EventType "team-swiss"]
[EventRounds "7"]
[EventCountry "GER"]
[SourceTitle "CBM 194 Extra"]
[Source "ChessBase"]
[SourceDate "2020.03.31"]
[SourceVersion "1"]
[SourceVersionDate "2020.03.31"]
[SourceQuality "1"]
[WhiteTeam "Karlsruhe SF"]
[BlackTeam "Leipzig SG"]
[WhiteTeamCountry "GER"]
[BlackTeamCountry "GER"]

1. d4 Nf6 2. c4 c5 3. d5 b5 4. Qc2 bxc4 5. e4 d6 6. Nd2 g6 7. Ngf3 Bg7 8. Nxc4 Nbd7 9. Be2 0-0 10. 0-0 Nb6 11. Bd2 Nxc4 12. Qxc4 a5 13. Qc2 Qb6 14. Rab1 Ba6 15. Bc3 Bxe2 16. Qxe2 Qa6 17. Qe3 Qc4 18. Nd2 Qa6 19. f4 Rfb8 20. Kh1 Rb6 21. Qf3 Nd7 22. Bxg7 Kxg7 23. Qc3+ f6 24. Rbe1 Kg8 25. Nf3 Rab8 26. b3 a4 27. e5 axb3 28. exf6 exf6 29. Qe3 Nf8 30. axb3 Rxb3 31. Qe7 R8b7 32. Qxf6 Rf7 33. Qh4 Re3 34. Ng5 Rfe7 35. Ne6 Rxe1 36. Rxe1 Rf7 37. h3 Qc4 38. Qg5 Rf5 39. Qe7 Rf7 40. Qxd6 Qb4 41. Rc1 g5 42. Nxf8 Rxf8 43. Qe6+ Rf7 44. fxg5 Qf4 45. Re1 Qxg5 46. d6 Qd2 47. Rf1 1-0

[Event "Sachsen-ch"]
[Site "Leipzig"]
[Date "2018.11.04"]
[Round "5"]
[White "Wang, Ruiming"]
[Black "Mueller, Sylvio"]
[Result "1-0"]
[WhiteElo "1735"]
[BlackElo "1281"]
[PlyCount "59"]
[EventDate "2018.11.02"]
[EventType "swiss"]
[EventRounds "6"]
[EventCountry "GER"]
[SourceTitle "CBM 187 Extra"]
[Source "ChessBase"]
[SourceDate "2018.11.04"]
[SourceVersion "1"]
[SourceVersionDate "2018.11.04"]
[SourceQuality "1"]

1. e4 e5 2. Nf3 Nf6 3. Nc3 Nc6 4. Bc4 d6 5. Ng5 Be6 6. Bxe6 fxe6 7. Nxe6 Qd7 8. Nb5 Rc8 9. Nexc7+ Rxc7 10. Nxc7+ Qxc7 11. d3 Be7 12. 0-0 0-0 13. h3 Qd7 14. Be3 d5 15. exd5 Nxd5 16. Qd2 Nxe3 17. Qxe3 b6 18. c3 h6 19. b4 Bg5 20. Qe2 Rd8 21. Rad1 Bf6 22. Qe4 b5 23. Rc1 Qe6 24. c4 Nd4 25. f4 Nc6 26. cxb5 Nd4 27. fxe5 Bxe5 28. Rfe1 Re8 29. Rc5 Qf6 30. Rxe5 1-0

[Event "Sachsen-ch"]
[Site "Leipzig"]
[Date "2018.11.03"]
[Round "2"]
[White "Just, Anita"]
[Black "Wang, Ruiming"]
[Result "0-1"]
[WhiteElo "1888"]
[BlackElo "1735"]
[PlyCount "74"]
[EventDate "2018.11.02"]
[EventType "swiss"]
[EventRounds "6"]
[EventCountry "GER"]
[SourceTitle "CBM 187 Extra"]
[Source "ChessBase"]
[SourceDate "2018.11.04"]
[SourceVersion "1"]
[SourceVersionDate "2018.11.04"]
[SourceQuality "1"]

1. e4 c5 2. Nf3 d6 3. d4 cxd4 4. Nxd4 Nf6 5. Nc3 g6 6. Be3 Bg7 7. Bc4 0-0 8. f3 Nc6 9. Qd2 Bd7 10. 0-0-0 Rb8 11. g4 Ne5 12. Bb3 b5 13. Nce2 Nc4 14. Bxc4 bxc4 15. Ng3 Qb6 16. c3 Qa5 17. Kb1 Rb7 18. g5 Ne8 19. Ka1 Ba4 20. Rb1 Bxd4 21. cxd4 Qa6 22. Ne2 Nc7 23. Nc3 Bb3 24. a3 Rfb8 25. d5 Nb5 26. Nxb5 Rxb5 27. Rbe1 Ra5 28. Qc1 c3 29. Bd4 cxb2+ 30. Bxb2 Rc8 31. Qxc8+ Qxc8 32. Re3 Qc2 33. Rxb3 Qxb3 34. Rc1 Rxa3+ 35. Bxa3 Qxa3+ 36. Kb1 Qxf3 37. Re1 a5 0-1

[Event "GER-chT U14"]
[Site "Verden"]
[Date "2015.12.29"]
[Round "5.3"]
[White "Wang, Ruiming"]
[Black "Deppert, Smilla"]
[Result "1/2-1/2"]
[WhiteElo "1355"]
[BlackElo "1110"]
[PlyCount "50"]
[EventDate "2015.12.27"]
[EventType "team-swiss"]
[EventRounds "7"]
[EventCountry "GER"]
[SourceTitle "EXT 2017"]
[Source "ChessBase"]
[SourceDate "2016.10.25"]
[SourceVersion "1"]
[SourceVersionDate "2016.10.25"]
[SourceQuality "1"]
[WhiteTeam "Leipzig SG"]
[BlackTeam "Bann"]
[WhiteTeamCountry "GER"]
[BlackTeamCountry "GER"]

1. e4 e5 2. Nf3 Nc6 3. Bc4 Bc5 4. c3 Nf6 5. d4 exd4 6. cxd4 Bb4+ 7. Bd2 Nxe4 8. Bxb4 Nxb4 9. Bxf7+ Kxf7 10. Qb3+ d5 11. Qxb4 Re8 12. 0-0 Kg8 13. Nc3 Ng5 14. Nxg5 Qxg5 15. Qb5 c6 16. Qd3 Bf5 17. Qg3 Qf6 18. Qf3 Re6 19. Rfe1 Rae8 20. Rxe6 Rxe6 21. g4 Be4 22. Qxf6 Rxf6 23. Nxe4 dxe4 24. Re1 Re6 25. f3 e3 1/2-1/2

[Event "GER-chT U14"]
[Site "Verden"]
[Date "2015.12.27"]
[Round "2.3"]
[White "De Rentiis, Davide Luca"]
[Black "Wang, Ruiming"]
[Result "1-0"]
[WhiteElo "1287"]
[BlackElo "1355"]
[PlyCount "60"]
[EventDate "2015.12.27"]
[EventType "team-swiss"]
[EventRounds "7"]
[EventCountry "GER"]
[SourceTitle "EXT 2017"]
[Source "ChessBase"]
[SourceDate "2016.10.25"]
[SourceVersion "1"]
[SourceVersionDate "2016.10.25"]
[SourceQuality "1"]
[WhiteTeam "Bebenhausen"]
[BlackTeam "Leipzig SG"]
[WhiteTeamCountry "GER"]
[BlackTeamCountry "GER"]

1. e4 c5 2. d4 cxd4 3. c3 dxc3 4. Nxc3 Nc6 5. Nf3 d6 6. Bc4 e6 7. 0-0 Nf6 8. Qe2 Be7 9. Rd1 e5 10. h3 0-0 11. Be3 Be6 12. Bb5 Rc8 13. Bxc6 Rxc6 14. Nxe5 Ra6 15. Nf3 Qb8 16. Bf4 Rd8 17. Rac1 Bxa2 18. Nxa2 Rxa2 19. Ng5 h6 20. Nxf7 Rc8 21. Rxc8+ Qxc8 22. Nxd6 Bxd6 23. Bxd6 Qc6 24. Ba3 Nxe4 25. Qe3 Nc3 26. Rd8+ Kh7 27. Qd3+ Ne4 28. Rd6 Ra1+ 29. Kh2 Qxd6+ 30. Bxd6 Re1 1-0